[Event "Championnat de Paris Open A"]
[Site "Paris"]
[Date "2010.07.03"]
[Round "1.1"]
[White "Rene, Benoit"]
[Black "Brunier, Jules"]
[Result "1/2-1/2"]
[WhiteElo "2299"]
[BlackElo "1988"]
[PlyCount "114"]

1. b3 e5 2. Bb2 Nc6 3. e3 a6 4. c4 Nf6 5. a3 d6 6. Nc3 g6 7. g3 Bg7 8. Bg2 O-O
9. Nge2 Nh5 10. O-O f5 11. Nd5 Ne7 12. d3 c6 13. Nxe7+ Qxe7 14. Qd2 Be6 15. f4
Bf7 16. e4 Rad8 17. exf5 gxf5 18. Rae1 Bg6 19. d4 Qc7 20. Kh1 Nf6 21. Qc2 Ng4
22. Qc1 e4 23. h3 Nf6 24. Kh2 h5 25. Rg1 Bh8 26. Bc3 Qh7 27. Bf1 Rfe8 28. Ba5
Rd7 29. Nc3 Bg7 30. Nd1 Bh6 31. Bd2 Bf7 32. Be3 Bf8 33. Nf2 Be6 34. Be2 Rc7 35.
Qc3 Qf7 36. Qb4 Qe7 37. Qd2 d5 38. Qa5 Rb8 39. a4 b6 40. Qc3 Bg7 41. Rc1 c5 42.
Kg2 Rbc8 43. Rgd1 Rc6 44. Qd2 cxd4 45. Bxd4 dxc4 46. bxc4 Bxc4 47. Bxc4+ Rxc4
48. Rxc4 Rxc4 49. Bxb6 Qa3 50. Qd6 Qxd6 51. Rxd6 Rxa4 52. Nd1 Ra2+ 53. Kf1 Kf7
54. Ne3 Ra1+ 55. Kf2 Ra2+ 56. Kf1 Ra1+ 57. Kf2 Ra2+ 1/2-1/2

[Event "Championnat de Paris Open A"]
[Site "Paris"]
[Date "2010.07.03"]
[Round "1.2"]
[White "Ravot, Emmanuel"]
[Black "Gervasio, Ricardo"]
[Result "0-1"]
[WhiteElo "1988"]
[BlackElo "2292"]
[PlyCount "50"]

1. d4 d5 2. c4 e6 3. Nc3 Bb4 4. a3 Bxc3+ 5. bxc3 dxc4 6. e3 Qd5 7. Qg4 g6 8. e4
Qc6 9. f3 Nd7 10. e5 Ne7 11. Nh3 Nd5 12. Bd2 f6 13. f4 b5 14. Qd1 f5 15. Be2
N7b6 16. Bf3 Bb7 17. Nf2 Na4 18. Qc2 Qd7 19. Nd1 c5 20. Bxd5 Bxd5 21. Ne3 Be4
22. Qc1 cxd4 23. cxd4 c3 24. Bxc3 Rc8 25. Nd1 Nxc3 0-1

[Event "Championnat de Paris Open A"]
[Site "Paris"]
[Date "2010.07.03"]
[Round "1.3"]
[White "Laurent, Julien G"]
[Black "Frayssinet, Frank"]
[Result "1-0"]
[WhiteElo "2291"]
[BlackElo "1987"]
[PlyCount "105"]

1. d4 Nf6 2. c4 e6 3. Nc3 Bb4 4. Qc2 O-O 5. a3 Bxc3+ 6. Qxc3 d5 7. e3 b6 8. Nf3
Ba6 9. b4 Nbd7 10. Bb2 c5 11. dxc5 bxc5 12. b5 Bb7 13. a4 e5 14. cxd5 Nxd5 15.
Qd2 e4 16. Ng1 Qe7 17. a5 Rac8 18. Bc4 Ne5 19. Bxe5 Qxe5 20. Rd1 Qg5 21. Bxd5
Bxd5 22. Qxd5 Qxg2 23. Qd6 Qxh1 24. Kf1 Rce8 25. Qg3 Re6 26. Rd6 c4 27. Rxe6
fxe6 28. b6 axb6 29. axb6 c3 30. Ke2 Rd8 31. b7 e5 32. Qg4 Qxh2 33. Qe6+ Kf8
34. Qf5+ Ke7 35. Qg5+ Ke8 36. Qxd8+ Kxd8 37. b8=Q+ Ke7 38. Kf1 Qh5 39. Qc7+ Kf6
40. Qc6+ Ke7 41. Qxc3 Qd1+ 42. Qe1 Qg4 43. Qe2 Qf5 44. Qc4 g5 45. Qc7+ Kf6 46.
Qd6+ Kg7 47. Ne2 Qh3+ 48. Ke1 Qh1+ 49. Kd2 Qb1 50. Qe7+ Kg6 51. Qe6+ Kg7 52.
Qf5 h6 53. Ng3 1-0

[Event "Championnat de Paris Open A"]
[Site "Paris"]
[Date "2010.07.03"]
[Round "1.4"]
[White "Tilquin, Jean-Pierre"]
[Black "Aguirre, Simon"]
[Result "0-1"]
[WhiteElo "1987"]
[BlackElo "2290"]
[PlyCount "72"]

1. d4 Nf6 2. c4 g6 3. Nc3 d5 4. cxd5 Nxd5 5. e4 Nxc3 6. bxc3 Bg7 7. Bb5+ c6 8.
Ba4 b5 9. Bb3 a5 10. Qf3 O-O 11. Ne2 b4 12. O-O Ba6 13. Rd1 Nd7 14. cxb4 axb4
15. Be3 e5 16. Rac1 Rc8 17. dxe5 Nxe5 18. Qg3 Qc7 19. Nd4 c5 20. Ne6 fxe6 21.
Bxe6+ Kh8 22. Bxc8 Bxc8 23. Bxc5 Re8 24. f4 Ng4 25. e5 Be6 26. Qf3 Rc8 27. h3
Nh6 28. Be3 Qb8 29. Rxc8+ Qxc8 30. Bb6 Qc4 31. Rd4 Qxa2 32. Rxb4 Bf8 33. Qc3
Bxb4 34. Qxb4 Bd5 35. Qf8+ Ng8 36. Bf2 Qb1+ 0-1

[Event "Championnat de Paris Open A"]
[Site "Paris"]
[Date "2010.07.03"]
[Round "1.5"]
[White "Regoli, Stephane"]
[Black "Dacalor, Aurelie"]
[Result "1-0"]
[WhiteElo "2290"]
[BlackElo "1986"]
[PlyCount "67"]

1. e4 d5 2. exd5 Qxd5 3. Nc3 Qd6 4. d4 Nf6 5. Nf3 a6 6. g3 e6 7. Bg2 Nc6 8. O-O
Be7 9. Bf4 Qd8 10. Qd2 O-O 11. a3 Rb8 12. Rfd1 Nd5 13. Nxd5 exd5 14. c4 dxc4
15. d5 Na7 16. Rac1 Bd6 17. Rxc4 b5 18. Rcc1 Re8 19. Be3 Rb7 20. Re1 Bd7 21.
Nd4 Nc8 22. Nc6 Qf6 23. Bd4 Rxe1+ 24. Rxe1 Qg6 25. Be5 Kf8 26. Qe3 f5 27. h4
Bxc6 28. dxc6 Rb8 29. Bxd6+ cxd6 30. c7 Rb6 31. Bd5 b4 32. Be6 Rc6 33. Bxc8
Rxc7 34. Bxf5 1-0

[Event "Championnat de Paris Open A"]
[Site "Paris"]
[Date "2010.07.03"]
[Round "1.6"]
[White "Bonnin, Bruno"]
[Black "Xheladini, Mahmut"]
[Result "1-0"]
[WhiteElo "1986"]
[BlackElo "2286"]
[PlyCount "93"]

1. Nf3 c6 2. g3 d6 3. Bg2 e5 4. d3 f5 5. Nbd2 Nd7 6. O-O Ndf6 7. e4 Ne7 8. Re1
Ng6 9. exf5 Bxf5 10. d4 Qc7 11. dxe5 dxe5 12. Nxe5 O-O-O 13. Nd3 Bxd3 14. cxd3
Rxd3 15. Qa4 Kb8 16. Nb3 Be7 17. Be3 a6 18. Rac1 Nd5 19. Be4 Rxe3 20. fxe3 Nf6
21. Bxc6 bxc6 22. Rxc6 Qb7 23. Nd4 Ka7 24. Rc7 Qxc7 25. Nb5+ Kb7 26. Nxc7 Kxc7
27. Rc1+ Kd8 28. Qxa6 Bf8 29. Qe6 Ne7 30. a4 h5 31. a5 Rh6 32. Qf7 Nd7 33. Rd1
Rf6 34. Qxh5 Nf5 35. Qf3 Bc5 36. Qa8+ Ke7 37. Rxd7+ Kxd7 38. Qd5+ Bd6 39. Qb7+
Bc7 40. Qb5+ Kd8 41. Qd5+ Kc8 42. Qg8+ Kb7 43. e4 Ne7 44. Qxg7 Re6 45. Qc3 Re5
46. a6+ Kc8 47. a7 1-0

[Event "Championnat de Paris Open A"]
[Site "Paris"]
[Date "2010.07.03"]
[Round "1.7"]
[White "Duijker, Rick"]
[Black "Campbell, Ian"]
[Result "1-0"]
[WhiteElo "2241"]
[BlackElo "1984"]
[PlyCount "97"]

1. d4 Nf6 2. Bg5 d5 3. Bxf6 exf6 4. e3 Bd6 5. g3 O-O 6. Bg2 c6 7. Ne2 Qb6 8.
Qc1 Be6 9. O-O Nd7 10. Nd2 Qa6 11. Re1 f5 12. Bf1 Qb6 13. c4 Be7 14. cxd5 Bxd5
15. Nc3 Rac8 16. Qc2 g6 17. Rec1 Be6 18. a3 Qd8 19. b4 Nf6 20. Bg2 a6 21. Nb3
Bd5 22. Nxd5 Nxd5 23. Na5 Qd7 24. Qb3 Nf6 25. Nc4 Qe6 26. Rab1 Rfd8 27. Nb6 Rb8
28. a4 Nd7 29. Nxd7 Rxd7 30. b5 Qxb3 31. Rxb3 cxb5 32. axb5 a5 33. Rbc3 Bd6 34.
Rc8+ Rxc8 35. Rxc8+ Kg7 36. Ra8 b6 37. Bc6 Re7 38. Kf1 h5 39. Ke2 Bc7 40. Kd3
f6 41. Bd5 Bd6 42. Rd8 Bc7 43. Rc8 g5 44. f4 Kh7 45. h4 Kg6 46. Bf3 g4 47. Bd5
Bd6 48. Rc6 Bc7 49. Be6 1-0

[Event "Championnat de Paris Open A"]
[Site "Paris"]
[Date "2010.07.03"]
[Round "1.8"]
[White "Cozette, Michael"]
[Black "Peric, Slavisa"]
[Result "0-1"]
[WhiteElo "1981"]
[BlackElo "2215"]
[PlyCount "34"]

1. e4 e6 2. d4 d5 3. e5 c5 4. dxc5 Nc6 5. Nf3 Bxc5 6. Bd3 f6 7. exf6 Nxf6 8.
Qe2 O-O 9. O-O Qc7 10. c3 e5 11. Bb5 e4 12. Nd4 Nxd4 13. cxd4 Bxd4 14. h3 14...
Bxh3 15. gxh3 Qg3+ 16. Kh1 Qxh3+ 17. Kg1 Ng4 0-1

[Event "Championnat de Paris Open A"]
[Site "Paris"]
[Date "2010.07.03"]
[Round "1.9"]
[White "Elishev, Ivan"]
[Black "De Lagontrie, Jean"]
[Result "1-0"]
[WhiteElo "2214"]
[BlackElo "1978"]
[PlyCount "91"]

1. e4 c5 2. Nf3 Nc6 3. d4 cxd4 4. Nxd4 Nf6 5. Nc3 e5 6. Ndb5 d6 7. Bg5 a6 8.
Na3 b5 9. Nd5 Qa5+ 10. Bd2 Qd8 11. c4 Nxe4 12. cxb5 Be6 13. Bc4 Ne7 14. Be3 Rc8
15. Nb6 d5 16. Nxc8 Nxc8 17. Bd3 Bb4+ 18. Kf1 Ncd6 19. bxa6 O-O 20. Nc2 Bc5 21.
Bxc5 Nxc5 22. b4 Nxd3 23. Qxd3 d4 24. Kg1 Qb6 25. a4 Rc8 26. a5 Qa7 27. Na3 Rc3
28. Qe2 Qc7 29. h3 e4 30. Nb5 Nxb5 31. Qxb5 Rc1+ 32. Rxc1 Qxc1+ 33. Qf1 Qxf1+
34. Kxf1 Bc4+ 35. Ke1 Bxa6 36. Kd2 f5 37. g3 g5 38. Re1 Kf7 39. g4 Ke6 40. Rc1
Bb7 41. gxf5+ Kxf5 42. b5 Kf4 43. a6 e3+ 44. fxe3+ dxe3+ 45. Ke1 Bf3 46. b6 1-0

[Event "Championnat de Paris Open A"]
[Site "Paris"]
[Date "2010.07.03"]
[Round "1.10"]
[White "Bernabeu, Xavier"]
[Black "Pozdnjakov, Viatcheslav"]
[Result "0-1"]
[WhiteElo "1975"]
[BlackElo "2208"]
[PlyCount "66"]

1. e4 e6 2. d4 d5 3. e5 c5 4. c3 Qb6 5. Nf3 Bd7 6. Be2 Nc6 7. O-O a5 8. b3 cxd4
9. cxd4 Rc8 10. a3 Nge7 11. Bb2 Nf5 12. g4 Nh6 13. h3 {=} 13... f6 14. exf6
gxf6 15. Kh1 Nf7 16. Nc3 h5 17. Na4 Qc7 18. g5 fxg5 19. Ne5 Ncxe5 20. dxe5 Qc2
21. Rc1 Qe4+ 22. f3 Rxc1 23. fxe4 Rxd1 24. Rxd1 dxe4 25. Nb6 Bc6 26. Nc4 a4 27.
b4 g4 28. Na5 Bd5 29. Nxb7 Ng5 30. Bb5+ Ke7 31. h4 Nf3 32. Nd6 e3 33. Rc1 Nxe5+
0-1

[Event "Championnat de Paris Open A"]
[Site "Paris"]
[Date "2010.07.03"]
[Round "1.11"]
[White "Van Zutphen, Jimmy"]
[Black "Lemeille, Francois"]
[Result "1-0"]
[WhiteElo "2203"]
[BlackElo "1975"]
[PlyCount "67"]

1. d4 Nf6 2. c3 g6 3. Bg5 Bg7 4. Nd2 O-O 5. e3 d6 6. Bd3 e5 7. Ne2 h6 8. Bh4
Nc6 9. O-O Re8 10. Qc2 Bg4 11. f3 g5 12. fxg4 gxh4 13. h3 d5 14. Bb5 a6 15.
Bxc6 bxc6 16. Rf2 e4 17. Raf1 Qd6 18. Nb3 Re7 19. Rf5 Nh7 20. Nf4 Ng5 21. Qf2
Re6 22. Nxe6 fxe6 23. Rxg5 hxg5 24. Qf7+ Kh7 25. Rf6 Kh8 26. Rg6 Qf8 27. Qxe6
Re8 28. Qxc6 Qf7 29. Rxg5 Rf8 30. Rf5 Qe7 31. Qxd5 Bh6 32. Kf2 Kg7 33. Nc5 Kh7
34. Qxe4 1-0

[Event "Championnat de Paris Open A"]
[Site "Paris"]
[Date "2010.07.03"]
[Round "1.12"]
[White "Perez Cameselle, Francisco"]
[Black "Talbi, Boumedienne"]
[Result "1/2-1/2"]
[WhiteElo "1974"]
[BlackElo "2202"]
[PlyCount "110"]

1. d4 Nf6 2. Nf3 g6 3. c4 c5 4. d5 b5 5. cxb5 a6 6. bxa6 Bxa6 7. Nc3 Bg7 8. g3
d6 9. Bg2 Nbd7 10. O-O O-O 11. h3 Qc7 12. Qc2 Rfb8 13. Rb1 Nb6 14. Rd1 Nfd7 15.
Bg5 Ne5 16. Nxe5 Bxe5 17. b3 Bg7 18. e4 h6 19. Be3 Nd7 20. Qd2 Kh7 21. f4 Qa5
22. Na4 Qxd2 23. Bxd2 Bd4+ 24. Kh2 Be2 25. Re1 Bd3 26. Rbc1 Bf2 27. Red1 Be2
28. Rh1 Bd3 29. Rhd1 Be2 30. Rh1 c4 31. Bf1 cxb3 32. axb3 Bf3 33. Bg2 Rxb3 34.
Rc3 Rxa4 35. Rxb3 Bxe4 36. Rb4 Bc2 37. Rxa4 Bxa4 38. Rf1 Bd4 39. Re1 Bf6 40.
Re3 Nc5 41. Bc3 Kg7 42. Bxf6+ Kxf6 43. Kg1 e6 44. Kf2 Bb3 45. dxe6 fxe6 46. Rc3
e5 47. fxe5+ Kxe5 48. Ke3 Be6 49. h4 Nb3 50. Bh3 d5 51. Bxe6 d4+ 52. Kd3 dxc3
53. Bxb3 Kf5 54. Bd1 h5 55. Kxc3 g5 1/2-1/2

[Event "Championnat de Paris Open A"]
[Site "Paris"]
[Date "2010.07.03"]
[Round "1.13"]
[White "Dicko, Henri"]
[Black "Iasman, Inna"]
[Result "0-1"]
[WhiteElo "2191"]
[BlackElo "1973"]
[PlyCount "68"]

1. e4 c6 2. d4 d5 3. f3 e6 4. Nc3 Bb4 5. Bf4 dxe4 6. fxe4 Nf6 7. Qd3 Nh5 8. Be3
Qh4+ 9. Bf2 Qe7 10. Nf3 Nd7 11. O-O-O O-O 12. g4 Nhf6 13. e5 Nd5 14. Bh4 f6 15.
exf6 N7xf6 16. g5 Nd7 17. Nxd5 exd5 18. c3 Bd6 19. Bg3 Nb6 20. Re1 Qc7 21. Ne5
Bf5 22. Qd2 Be4 23. Rg1 c5 24. Rxe4 dxe4 25. Bg2 cxd4 26. Qxd4 Bc5 27. Qd1 Bxg1
28. Qb3+ Rf7 29. g6 hxg6 30. Bxe4 Re8 31. Bxg6 Rxe5 32. Bxe5 Be3+ 33. Kb1 Qc4
34. Bxf7+ Kxf7 0-1

[Event "Championnat de Paris Open A"]
[Site "Paris"]
[Date "2010.07.03"]
[Round "1.14"]
[White "Jacquet, Stephane"]
[Black "Stoenescu, Radu"]
[Result "1/2-1/2"]
[WhiteElo "1972"]
[BlackElo "2189"]
[PlyCount "63"]

1. d4 d5 2. c4 e6 3. Nc3 c6 4. Nf3 Nf6 5. cxd5 exd5 6. Qc2 Nbd7 7. Bg5 Qa5 8.
Nd2 Bb4 9. e3 O-O 10. Bd3 Re8 11. O-O Bd6 12. Bh4 Qc7 13. Bg3 Bxg3 14. hxg3 Nf8
15. Nf3 Qe7 16. Rab1 Ne4 17. b4 a6 18. a4 Ng6 19. Rb3 h5 20. b5 axb5 21. axb5
h4 22. gxh4 Nxh4 23. Nxh4 Qxh4 24. Nxe4 dxe4 25. Bc4 Be6 26. bxc6 bxc6 27. Rfb1
Bd5 28. Bxd5 cxd5 29. Rb7 Ra6 30. Rb8 Rxb8 31. Rxb8+ Kh7 32. Rh8+ 1/2-1/2

[Event "Championnat de Paris Open A"]
[Site "Paris"]
[Date "2010.07.03"]
[Round "1.15"]
[White "Aurel, Luc"]
[Black "Mascle, Jean-Guy"]
[Result "1/2-1/2"]
[WhiteElo "2185"]
[BlackElo "1972"]
[PlyCount "84"]

1. c4 Nf6 2. Nc3 g6 3. g3 Bg7 4. Bg2 c6 5. e4 e5 6. Nge2 O-O 7. O-O d6 8. d3
Na6 9. Kh1 Kh8 10. f4 exf4 11. Nxf4 Nc5 12. Be3 Ne6 13. Nxe6 fxe6 14. d4 e5 15.
d5 c5 16. h3 Bd7 17. Kh2 Qb6 18. Rb1 Qb4 19. Qd3 a6 20. Bd2 Qb6 21. b3 Qc7 22.
a4 Rf7 23. Nd1 Raf8 24. a5 b5 25. axb6 Qxb6 26. Nc3 Nh5 27. Rxf7 Rxf7 28. Bf3
Kg8 29. Qe2 Nf6 30. g4 h5 31. g5 Nh7 32. Nd1 Nf8 33. Nf2 a5 34. Qd3 Be8 35. Kg2
Rb7 36. Bd1 a4 37. b4 cxb4 38. Rxb4 Qa6 39. c5 Bb5 40. c6 Bxd3 41. cxb7 Bf1+
42. Kg1 Nd7 1/2-1/2

[Event "Championnat de Paris Open A"]
[Site "Paris"]
[Date "2010.07.03"]
[Round "1.16"]
[White "Hameau, Cyril"]
[Black "Dionisi, Thomas"]
[Result "0-1"]
[WhiteElo "1969"]
[BlackElo "2183"]
[PlyCount "76"]

1. e4 c5 2. d4 cxd4 3. c3 Nf6 4. e5 Nd5 5. Bc4 Nb6 6. Bb3 Nc6 7. Nf3 d6 8. cxd4
dxe5 9. Ng5 e6 10. Qf3 Qf6 11. Qxf6 gxf6 12. Ne4 Be7 13. dxe5 Nxe5 14. O-O f5
15. Ng3 Bd7 16. Nc3 h5 17. Bc2 h4 18. Nge2 h3 19. Bf4 hxg2 20. Kxg2 Rg8+ 21.
Ng3 Ng6 22. Bd2 Nh4+ 23. Kh1 Bc6+ 24. f3 Nxf3 25. Rxf3 Bxf3+ 26. Kg1 Bc5+ 27.
Kf1 O-O-O 28. Bf4 Rg4 29. Nce2 Nd5 30. Bd2 f4 31. Ne4 Ne3+ 32. Kf2 Bxe4 33.
Bxe4 Rxd2 34. Rc1 Nc4+ 35. Ke1 b5 36. b3 Bb4 37. Kf2 Ba3 38. Rc3 Bb2 0-1

[Event "Championnat de Paris Open A"]
[Site "Paris"]
[Date "2010.07.03"]
[Round "1.17"]
[White "Hager, Joshua Aarash"]
[Black "Kazantsev, Alexander"]
[Result "1-0"]
[WhiteElo "2181"]
[BlackElo "1969"]
[PlyCount "74"]

1. e4 e5 2. Nf3 Nc6 3. Bb5 a6 4. Ba4 Nf6 5. O-O b5 6. Bb3 Be7 7. Re1 O-O 8. c3
d5 9. exd5 Nxd5 10. Nxe5 Nxe5 11. Rxe5 c6 12. d4 Bd6 13. Re1 Qh4 14. g3 Qh3 15.
Re4 g5 16. Qf3 Bf5 17. Bxd5 cxd5 18. Re3 Be4 19. Rxe4 dxe4 20. Qf6 Bf4 21. Bxf4
gxf4 22. Qxf4 f5 23. Nd2 Rae8 24. a4 Qh5 25. axb5 axb5 26. Ra7 Ra8 27. Rb7 Ra1+
28. Kg2 Qg6 29. Rxb5 e3 30. Nf3 e2 31. Re5 Re8 32. Rxf5 h6 33. Rf6 Qg7 34. Qf5
Ra5 35. d5 Kh8 36. Rf7 e1=Q 37. Nxe1 Qe5 1-0

[Event "Championnat de Paris Open A"]
[Site "Paris"]
[Date "2010.07.03"]
[Round "1.18"]
[White "Huguet, Etienne"]
[Black "Potterat, Marc"]
[Result "1/2-1/2"]
[WhiteElo "1966"]
[BlackElo "2178"]
[PlyCount "89"]

1. d4 Nf6 2. c4 g6 3. Nc3 Bg7 4. e4 d6 5. Nf3 O-O 6. Be2 c5 7. O-O cxd4 8. Nxd4
a6 9. Be3 Nbd7 10. Qd2 Nc5 11. f3 Bd7 12. Rfd1 Re8 13. Rac1 Rb8 14. Nc2 Na4 15.
Nxa4 Bxa4 16. b3 Bc6 17. Nb4 Nd7 18. Nd5 Bxd5 19. Qxd5 b6 20. Rc2 Qc7 21. b4
Rec8 22. Rdc1 a5 23. a3 axb4 24. axb4 Qa7 25. Qd2 Rc7 26. g3 Rbc8 27. Kg2 Qa4
28. f4 Qa6 29. Bf3 Ra7 30. c5 bxc5 31. bxc5 Nxc5 32. Bxc5 Rxc5 33. Rxc5 dxc5
34. Rxc5 Ra8 35. e5 Rc8 36. Rxc8+ Qxc8 37. Qa2 e6 38. Qa8 Qxa8 39. Bxa8 Bf8 40.
g4 Bb4 41. Kf3 Bc5 42. Bc6 Bg1 43. Kg2 Bd4 44. h4 Bc3 45. g5 1/2-1/2

[Event "Championnat de Paris Open A"]
[Site "Paris"]
[Date "2010.07.03"]
[Round "1.19"]
[White "Wunderman, Xavier"]
[Black "Puroila, Sippo"]
[Result "1-0"]
[WhiteElo "2173"]
[BlackElo "1965"]
[PlyCount "59"]

1. e4 e6 2. d4 d5 3. exd5 exd5 4. Bd3 Nf6 5. Be3 Nc6 6. c3 Be7 7. h3 Be6 8. Nd2
Qd7 9. Ngf3 h6 10. Qc2 O-O 11. O-O-O a5 12. g4 Rfb8 13. Ne5 Qc8 14. f4 Bd7 15.
g5 hxg5 16. Nxd7 Nxd7 17. fxg5 b5 18. g6 b4 19. gxf7+ Kxf7 20. Bg6+ Kf8 21.
Rdf1+ Bf6 22. Bg5 bxc3 23. bxc3 Ne7 24. Bh7 Ra6 25. h4 Rab6 26. h5 Ke8 27. Bxf6
Nxf6 28. h6 gxh6 29. Rxh6 Qa6 30. Bd3 1-0

[Event "Championnat de Paris Open A"]
[Site "Paris"]
[Date "2010.07.03"]
[Round "1.20"]
[White "Larsen, Harald"]
[Black "Emmenecker, Philippe"]
[Result "0-1"]
[WhiteElo "1961"]
[BlackElo "2169"]
[PlyCount "66"]

1. c4 Nf6 2. Nc3 g6 3. g3 Bg7 4. Bg2 e5 5. d3 h6 6. e4 d6 7. Nge2 Nc6 8. h3 O-O
9. Be3 Ne8 10. O-O Nd4 11. f4 f5 12. Qd2 Kh7 13. Kh2 c6 14. Rae1 Nc7 15. Bg1
Nce6 16. Nxd4 Nxd4 17. Ne2 Nxe2 18. Rxe2 Qc7 19. d4 fxe4 20. Bxe4 Bf5 21. Bg2
exf4 22. Rxf4 h5 23. Rf1 Rae8 24. Rfe1 Qf7 25. Rxe8 Rxe8 26. b3 Bh6 27. Be3 Qe7
28. Bxh6 Qxe1 29. Qf4 Re2 30. g4 hxg4 31. Bf8 g3+ 32. Qxg3 Be4 33. Qxe1 Rxg2+
0-1

*

[Event "Championnat de Paris Open A"]
[Site "Paris"]
[Date "2010.07.03"]
[Round "1.23"]
[White "Hanchour, Baroudi"]
[Black "Oupindrin, Narayanin"]
[Result "1-0"]
[WhiteElo "2159"]
[BlackElo "1957"]
[PlyCount "55"]

1. e4 c6 2. Nf3 d5 3. exd5 cxd5 4. Ne5 Nc6 5. d4 Nf6 6. c3 e6 7. Bd3 Bd6 8. f4
Qb6 9. Qe2 Bd7 10. O-O O-O 11. Rf3 Bxe5 12. fxe5 Ne4 13. Bxe4 dxe4 14. Qxe4 Ne7
15. Rh3 Ng6 16. Qe2 Rfe8 17. Na3 Qc7 18. Bg5 Bc6 19. Rg3 Qd7 20. h4 Ne7 21. Bf6
g6 22. Rf1 Nd5 23. h5 Nxf6 24. Rxf6 Rf8 25. Qg4 Kh8 26. Qf4 Kg8 27. Nc4 Qd5 28.
hxg6 1-0


*

[Event "Championnat de Paris Open A"]
[Site "Paris"]
[Date "2010.07.04"]
[Round "2.1"]
[White "Gervasio, Ricardo"]
[Black "Trommsdorf, Fro"]
[Result "1/2-1/2"]
[WhiteElo "2292"]
[BlackElo "2076"]
[PlyCount "113"]
[EventDate "2010.??.??"]

1. e4 c5 2. a3 e6 3. b4 cxb4 4. axb4 Bxb4 5. c3 Be7 6. d4 d5 7. e5 Qc7 8. Bd3
h5 9. Ne2 Nh6 10. O-O Bd7 11. Na3 Nf5 12. Bxf5 exf5 13. Qb3 a6 14. Qxd5 Qc6 15.
Qxc6 Bxc6 16. c4 b6 17. d5 Bb7 18. Be3 Nd7 19. f4 Rc8 20. Rfc1 Nc5 21. Rcb1 Na4
22. d6 Bd8 23. Rb4 Nc5 24. Bxc5 Rxc5 25. Nc3 g5 26. Na4 Ra5 27. Nxb6 gxf4 28.
Nd5 Bxd5 29. cxd5 Rxd5 30. Nc4 a5 31. Rb8 Kd7 32. Rab1 Rc5 33. Nd2 Rxe5 34.
R1b7+ Ke6 35. Nf3 Rc5 36. Ng5+ Bxg5 37. Rxh8 Kxd6 38. Rxh5 Rc1+ 39. Kf2 Rc2+
40. Kf1 Rc1+ 41. Ke2 Rc2+ 42. Kd3 Rxg2 43. h4 Be7 44. Rb6+ Kc5 45. Ra6 Rg3+ 46.
Kc2 Kc4 47. Rxf5 Rg2+ 48. Kd1 Kd3 49. Rd5+ Ke4 50. Rd7 Bxh4 51. Rxa5 f6 52. Rd2
f3 53. Ra4+ Ke3 54. Ra3+ Ke4 55. Ra4+ Ke3 56. Ra3+ Ke4 57. Ra4+ 1/2-1/2

[Event "Championnat de Paris Open A"]
[Site "Paris"]
[Date "2010.07.04"]
[Round "2.2"]
[White "Marchadour, Claire"]
[Black "Laurent, Julien G"]
[Result "1-0"]
[WhiteElo "2072"]
[BlackElo "2291"]
[PlyCount "89"]
[EventDate "2010.??.??"]

1. e4 g6 2. d4 Bg7 3. f4 d5 4. e5 Nh6 5. Be3 O-O 6. Be2 f6 7. Nf3 c6 8. O-O Bg4
9. Nbd2 Nd7 10. c4 Bxf3 11. Nxf3 fxe5 12. fxe5 e6 13. Bg5 Qb6 14. Qd2 Nf7 15.
c5 Qc7 16. b4 Rfe8 17. a4 b6 18. a5 bxc5 19. bxc5 Rab8 20. a6 Nxg5 21. Nxg5
Nxe5 22. dxe5 Bxe5 23. Rf7 Qxf7 24. Nxf7 Bxa1 25. Nh6+ Kg7 26. Ng4 Rf8 27. h4
Kh8 28. Qe3 e5 29. Nxe5 Rbe8 30. Nxg6+ hxg6 31. Qh6+ Kg8 32. Qxg6+ Bg7 33. Bd3
Re1+ 34. Kh2 Rf6 35. Qg3 Re7 36. Qh3 Rf8 37. Qg4 Re3 38. Bf5 Rf6 39. Bc2 Rfe6
40. Bb1 Kf7 41. Qf4+ Bf6 42. h5 Kg8 43. g3 R3e5 44. Qg4+ Bg5 45. Bf5 1-0

[Event "Championnat de Paris Open A"]
[Site "Paris"]
[Date "2010.07.04"]
[Round "2.3"]
[White "Aguirre, Simon"]
[Black "Ferry, Roger"]
[Result "1-0"]
[WhiteElo "2290"]
[BlackElo "2063"]
[PlyCount "115"]
[EventDate "2010.??.??"]

1. d4 d5 2. c4 c6 3. Nc3 Nf6 4. Nf3 Bf5 5. cxd5 cxd5 6. Qb3 Qb6 7. Nxd5 Nxd5 8.
Qxd5 e6 9. Qb3 Nc6 10. Bd2 Be7 11. Qxb6 axb6 12. e3 O-O 13. Bb5 Nb4 14. Bxb4
Bxb4+ 15. Ke2 Rfc8 16. Bd3 Bg4 17. a3 Bd6 18. Rac1 e5 19. h3 Bxf3+ 20. Kxf3 g6
21. Bc4 exd4 22. exd4 Rc7 23. Bb5 Rac8 24. Rxc7 Rxc7 25. Re1 Kg7 26. Re2 Kf6
27. a4 Bb4 28. Ke4 Re7+ 29. Kd5 Rxe2 30. Bxe2 Ke7 31. Kc4 Be1 32. Kb5 Bxf2 33.
Kxb6 Bxd4+ 34. Kxb7 Bxb2 35. a5 Bd4 36. a6 Kd6 37. Bc4 f6 38. a7 Bxa7 39. Kxa7
Ke5 40. Kb6 Kd4 41. Bg8 h6 42. Bh7 g5 43. g4 Ke5 44. Kc6 Kf4 45. Kd6 Kg3 46.
Bg6 Kxh3 47. Bh5 Kg3 48. Ke6 Kf4 49. Kxf6 Ke4 50. Kg6 Ke5 51. Kxh6 Kf6 52. Bg6
Ke7 53. Kxg5 Kf8 54. Kf6 Kg8 55. Bb1 Kh8 56. Ba2 Kh7 57. g5 Kh8 58. Kf7 1-0

[Event "Championnat de Paris Open A"]
[Site "Paris"]
[Date "2010.07.04"]
[Round "2.4"]
[White "Bouton, Christophe"]
[Black "Regoli, Stephane"]
[Result "1-0"]
[WhiteElo "2060"]
[BlackElo "2290"]
[PlyCount "77"]
[EventDate "2010.??.??"]

1. d4 Nf6 2. Nf3 c5 3. e3 g6 4. d5 Bg7 5. Nc3 d6 6. Be2 O-O 7. O-O e6 8. dxe6
fxe6 9. e4 Nc6 10. Bg5 h6 11. Bh4 a6 12. Bg3 d5 13. exd5 exd5 14. Ne5 Nxe5 15.
Bxe5 d4 16. Na4 Qa5 17. c3 Bd7 18. b3 Bxa4 19. bxa4 Qxc3 20. Rc1 Qa3 21. Bf3
Rf7 22. Bxf6 Rxf6 23. Bxb7 Rd8 24. Qc2 Bf8 25. Bxa6 Kg7 26. Bb5 Bd6 27. Qb3 Qb4
28. Qxb4 cxb4 29. Rfd1 Re6 30. Kf1 Be7 31. Rc2 Kf6 32. Rd3 Red6 33. g3 g5 34.
h3 h5 35. Rf3+ Kg7 36. Rc7 Re6 37. Bc4 d3 38. Bxe6 d2 39. Bb3 1-0

[Event "Championnat de Paris Open A"]
[Site "Paris"]
[Date "2010.07.04"]
[Round "2.5"]
[White "Rode, Antony"]
[Black "Duijker, Rick"]
[Result "0-1"]
[WhiteElo "2058"]
[BlackElo "2241"]
[PlyCount "43"]
[EventDate "2010.??.??"]

1. d4 Nf6 2. Nf3 g6 3. Nc3 d5 4. Bf4 Bg7 5. Qd2 O-O 6. Bh6 c5 7. dxc5 Qa5 8.
O-O-O Qxc5 9. Bxg7 Kxg7 10. h4 Qxf2 11. h5 gxh5 12. Nxd5 Bf5 13. Nxe7 Bg6 14.
Qg5 Ne4 15. Qe5+ f6 16. Nf5+ Bxf5 17. Qxf5 Ng3 18. Qd5 Nc6 19. Qb3 Rf7 20. Rh4
Nxf1 21. Rxh5 Qe3+ 22. Rd2 0-1

[Event "Championnat de Paris Open A"]
[Site "Paris"]
[Date "2010.07.04"]
[Round "2.6"]
[White "Peric, Slavisa"]
[Black "Arndt, Uwe"]
[Result "1-0"]
[WhiteElo "2215"]
[BlackElo "2049"]
[PlyCount "69"]
[EventDate "2010.??.??"]

1. d4 d5 2. c4 dxc4 3. Nf3 a6 4. e3 b5 5. a4 Bb7 6. b3 e6 7. axb5 axb5 8. Rxa8
Bxa8 9. bxc4 bxc4 10. Bxc4 Nf6 11. Qa4+ Bc6 12. Bb5 Bxb5 13. Qxb5+ c6 14. Qa4
Bd6 15. Ba3 O-O 16. Ne5 Bxa3 17. Qxa3 Nfd7 18. Nd3 Qb6 19. O-O Qa6 20. Qc3 Nf6
21. Rc1 Nd5 22. Qc2 Rc8 23. Nd2 Nd7 24. Ne4 h6 25. h3 Qa3 26. Rb1 Rb8 27. Rxb8+
Nxb8 28. Ne5 Qa6 29. Nd6 f5 30. g4 Qa1+ 31. Kh2 Qf1 32. gxf5 exf5 33. Qxf5 Ne7
34. Qf7+ Kh7 35. Ne8 1-0

[Event "Championnat de Paris Open A"]
[Site "Paris"]
[Date "2010.07.04"]
[Round "2.7"]
[White "Eid, Maha"]
[Black "Elishev, Ivan"]
[Result "0-1"]
[WhiteElo "2051"]
[BlackElo "2214"]
[PlyCount "92"]
[EventDate "2010.??.??"]

1. d4 Nf6 2. c4 g6 3. Nc3 d5 4. cxd5 Nxd5 5. e4 Nxc3 6. bxc3 Bg7 7. Bb5+ c6 8.
Ba4 O-O 9. Ne2 c5 10. O-O Nc6 11. Be3 Qc7 12. Rc1 Na5 13. dxc5 Rd8 14. Qc2 Nc4
15. Bd4 e5 16. Bb3 Be6 17. Bxc4 Bxc4 18. Be3 Bd3 19. Qb2 Bxe4 20. c4 Qc6 21. f3
Bd3 22. Rf2 e4 23. Qb5 exf3 24. Qxc6 bxc6 25. Nf4 fxg2 26. Rxg2 Bd4 27. Bxd4
Rxd4 28. Nxd3 Rxd3 29. Re2 Rad8 30. Rf1 R8d7 31. Re8+ Kg7 32. Rc8 Rd2 33. Rxc6
Rxa2 34. Rcf6 Rc2 35. c6 Rc7 36. R1f4 a5 37. Rd6 a4 38. Rd7 Rxd7 39. cxd7 Rd2
40. c5 Rxd7 41. Rxa4 Rc7 42. Rc4 Kf6 43. Kf2 Ke5 44. Kf3 Kd5 45. Rh4 h5 46. Kf4
f6 0-1